| 000 | 00936nas a2200301 4500 | ||
|---|---|---|---|
| 001 | BR6900527 | ||
| 003 | BR-BrBNA | ||
| 005 | 20231205082300.0 | ||
| 007 | ta | ||
| 008 | 230509b bl.|||p| |||| 00| 00por d | ||
| 040 |
_aBR-BrBNA _bpor _cBiblioteca Nacional de Agricultura |
||
| 041 | _a(Pt) | ||
| 072 | _aF00 | ||
| 110 | 1 |
_aBanco de Desenvolvimento do Parana S.A., Curitiba (Brasil) _91089 |
|
| 245 | 1 | _aInformacoes estatisticas [algodao, arroz, amendoim, batata, cebola, feijao, milho, soja, rendimento, Brasil] | |
| 650 | _aANALISE ESTATISTICA | ||
| 650 | _aCUSTO DE PRODUCAO | ||
| 650 | _aBATATA | ||
| 650 | _aCEBOLA | ||
| 650 | _aAMENDOIM | ||
| 650 | _aFEIJAO | ||
| 650 | _aMILHO | ||
| 650 | _aSOJA | ||
| 650 | _aRENDIMENTO | ||
| 773 | 0 |
_tRevista Paranaense de Desenvolvimento (Brazil) _xISSN 0556-6916 _g(Mar 1969), (no. 11) p. 75-87 _wBR6900527 |
|
| 909 |
_a202311 _bLúcia _c55 _dLúcia Elande |
||
| 942 |
_2AGRIS _n0 _cANA |
||
| 999 |
_c90562 _d90562 |
||